000 02017nam0a2200349 4500
001 RU\NLR\bibl\57567
005 20260406000406.0
021 _aRU
_b98-46564
_92239
035 _a(NLR Aleph) 000056127
090 _a303430
_c303430
100 _a19991109d1998 |||y0rusy50 ca
101 0 _arus
102 _aRU
105 _aa |||||||||
200 1 _aПатофизиология раневого процесса
_eУчеб. пособие
_e[Для студентов 6 курса, интернов, клин. ординаторов]
_fН.В. Леонтьева, Т.Д. Власов, В.В. Васильев и др.
_gПод ред. проф. Н.Н. Петрищева, проф. Л.В. Поташова
_gМ-во здравоохранения Рос. Федерации, С.-Петерб. гос. мед. ун-т им. акад. И.П. Павлова. Каф. патофизиологии с курсом клин. патофизиологии. Каф. общ. хирургии
210 _aСПб.
_cИзд-во СПбГМУ
_d1998
215 _a42 с.
_cил.
_d20
320 _aБиблиогр.: с. 42 (6 назв.)
606 0 _aРаны
_jРуководства, пособия и т.п.
_xПатологическая физиология
_92125258
_3RU\NLR\auth\661282871
606 0 _aРаны
_jУчебные издания
_xПатологическая физиология
_92125258
_3RU\NLR\auth\661282871
686 _aР458.141я7
701 1 _4070
_7ca
_8rus
_aЛеонтьева
_bН. В.
_cд-р мед. наук
_gНаталия Владимировна
_9191697
_3RU\NLR\AUTH\770191748
701 1 _4070
_8rus
_7ca
_aВласов
_bТ. Д.
_cд-р мед. наук
_gТимур Дмитриевич
_3RU\NLR\auth\77109956
_992881
701 1 _aВасильев
_bВ. В.
_4070
702 1 _aПетрищев
_bН. Н.
_4340
801 0 _aRU
_bNLR
_c19991109
_gPSBO
801 1 _aRU
_bNLR
_c19991109
852 _aNLR
_j99-4/7523
942 _cBOOK
980 _aNB